00227nam a2200097Ia 4500008004100000082000800041100002200049245003700071942000600108999001500114240331s9999 xx 000 0 und d bFAC aAbeysekera, C. ed 0aFacets of ethnicity in Sri Lanka cL c1999d1999